| 000 | 01548cam a2200397 a 4500 | ||
|---|---|---|---|
| 001 | 14779811 | ||
| 003 | EG-ScBUE | ||
| 005 | 20220315104731.0 | ||
| 008 | 070322s2008 enk f 000 1 eng d | ||
| 020 | _a1847393675 | ||
| 020 | _a9781847393678 | ||
| 035 | _a(OCoLC)ocm53278360 | ||
| 040 |
_aCLE _beng _erda _cCLE _dCUS _dBAKER _dBTCTA _dYDXCP _dDLC _dEG-ScBUE |
||
| 041 | 1 |
_aeng _hfre |
|
| 043 | _af-ua--- | ||
| 082 | 0 | 4 |
_a843.914 _bJAC _222 |
| 100 | 1 |
_aJacq, Christian, _eauthor. _921798 |
|
| 245 | 1 | 4 |
_aThe Queen of freedom trilogy / _cChristian Jacq ; translated by Sue Dyson. |
| 264 | 1 |
_aLondon : _bPocket Books, _c2008. |
|
| 300 |
_a729 pages : _c20 cm |
||
| 336 |
_2rdacontent _atext _btxt |
||
| 337 |
_2rdamedia _aunmediated _bn |
||
| 338 |
_2rdacarrier _avolume _bnc |
||
| 505 | _aThe Empire of Darkness - - The War of the Crowns - - The Flaming Sword | ||
| 546 | _aText in English ; translated from the original French. | ||
| 650 | _2BUEsh | ||
| 651 | 7 |
_aEgypt _xHistory _yTo 332 B.C. _vFiction. _921799 _2BUEsh |
|
| 653 |
_bHHUUEENN _cMarch2022 |
||
| 655 | 7 |
_aHistorical fiction. _vReading book |
|
| 700 | 1 |
_aDyson, Sue, _d1957-2009, _etranslator. |
|
| 856 | 4 | 1 |
_3Sample text _uhttp://www.loc.gov/catdir/enhancements/fy0713/2007272955-s.html |
| 856 | 4 | 2 |
_3Contributor biographical information _uhttp://www.loc.gov/catdir/enhancements/fy0714/2007272955-b.html |
| 942 |
_2ddc _cBB |
||
| 999 |
_c14890 _d14890 |
||